|
|
|
|
| LEADER |
01082nam a22002537a 4500 |
| 001 |
35943 |
| 003 |
BD-DhAAL |
| 005 |
20211206120421.0 |
| 008 |
211027t2007 bg ||||| |||| 00| p ben d |
| 999 |
|
|
|c 43288
|d 43288
|
| 020 |
|
|
|a 9844042852
|
| 040 |
|
|
|a BD-DhAAL
|
| 082 |
|
|
|a 891.4414
|2 23
|
| 100 |
|
|
|a বডুয়া, সুজন
|9 42269
|
| 245 |
|
|
|a এসো ছন্দ শিখি ছড়া-কবিতা লিখি /
|c সুজন বডুয়া
|
| 246 |
|
|
|a Eso chanda shikhi chara kabita likhi
|
| 260 |
|
|
|a ঢাকা :
|b অনুপম প্রকাশনী,
|c ২০০৭
|
| 300 |
|
|
|a ১১১ পৃষ্ঠা ;
|c ২১ সে.মি.
|
| 526 |
|
|
|a BIED
|
| 541 |
|
|
|a Complimentary copy from BIED
|e ৩৫৯৪৩
|
| 650 |
|
|
|a Prose poems, Bengali
|9 42270
|
| 852 |
|
|
|a Ayesha Abed Library
|c BIED Collection
|
| 942 |
|
|
|2 ddc
|c BK
|
| 952 |
|
|
|0 0
|1 0
|2 ddc
|4 0
|6 891_441400000000000_BAR
|7 0
|9 69439
|a BRACUL
|b BRACUL
|c GEN
|d 2021-10-27
|e Complimentary copy from BIED
|l 0
|o 891.4414 BAR
|p 3010035943
|r 2021-10-27
|w 2021-10-27
|y BK
|x Transferred from BIED to General Stacks
|